000 00562nam a22001817a 4500
005 20251108172350.0
008 250721s2000 xx 000 0 ara d
082 1 4 _a306.10956/مبا
100 1 _aمبارك، محمد
245 1 0 _aالجابري بين طروحات لالاند و جان بياجيه /
264 1 _aعمان :
_bدار الفارس للنشر،
_c2000.
300 _a119ص.
650 1 7 _aالثقافة العربية
650 1 7 _aالفكر العربي
650 1 7 _aالعقل العربي
942 _2ddc
_cBK
999 _c77341
_d77341